Regions of Romania (1938-1940) on a Map - Statistics

General Stats
  • This quiz has been taken 67 times
  • The average score is 3 of 10
Answers on the Map
Answers color-coded by a green-red scale on the quiz's map according to % correct below.
 
Answer Stats
Answer % Correct
Timiș
66%
Olt
57%
Mureș
38%
Dniester
36%
Prut
36%
Sea
28%
Suceava
28%
Lower Danube
21%
Bucegi
17%
Someș
15%
No matching quizzes found
Score Distribution
Percent of People with Each Score
Percentile by Number Answered
Your Score History
You have not taken this quiz